|
|
|
|
| LEADER |
02143nam a22003614a 4500 |
| 001 |
27311 |
| 005 |
20130805145317.0 |
| 008 |
130805s2011 enk b 001 0 eng |
| 010 |
|
|
|a 2011004156
|
| 020 |
|
|
|a 9780333732670 (hbk.)
|
| 020 |
|
|
|a 9780333732687 (pbk.)
|
| 040 |
|
|
|a DLC
|c DLC
|d DLC
|d BD-DhAAL
|
| 050 |
0 |
0 |
|a JS78
|b .P5 2011
|
| 082 |
0 |
0 |
|a 320.8/5
|2 22
|
| 100 |
1 |
|
|a Pierre, Jon.
|9 2609
|
| 245 |
1 |
4 |
|a The politics of urban governance /
|c Jon Pierre.
|
| 260 |
|
|
|a Houndmills, Basingstoke, Hampshire ;
|a New York :
|b Palgrave Macmillan,
|c 2011.
|
| 300 |
|
|
|a viii, 170 p. ;
|c 23 cm.
|
| 504 |
|
|
|a Includes bibliographical references (p. 154-164) and index.
|
| 505 |
8 |
|
|a Machine generated contents note: -- The Challenge of Urban Governance * Rethinking the Local State * The Managerial City * The Corporatist City * The Pro-Growth City * The Welfare City * The Decline of Urban Politics? * Cities in Global Governance * Conclusion: The Future of Urban Politics.
|
| 520 |
|
|
|a "This broad ranging new text analyses the emerging shape of urban politics in the twenty-first century. The author identifies 4 main "models" of urban governance--"management," "Corporatist." "Pro-Growth" and "Welfare"--and assesses their different implications for the major issues, interests and problems in the contemporary urban arena"--
|
| 541 |
|
|
|e 27311
|
| 650 |
|
0 |
|a Municipal government
|v Cross-cultural studies.
|9 2610
|
| 650 |
|
0 |
|a Local government
|v Cross-cultural studies.
|9 2611
|
| 650 |
|
0 |
|a Political leadership
|v Cross-cultural studies.
|9 2612
|
| 650 |
|
0 |
|a Sociology, Urban
|v Cross-cultural studies.
|9 2613
|
| 650 |
|
0 |
|a Urban policy
|x Cross-cultural studies.
|9 2614
|
| 650 |
|
7 |
|a POLITICAL SCIENCE / Public Policy / General
|2 bisacsh.
|9 2615
|
| 650 |
|
7 |
|a POLITICAL SCIENCE / Public Policy / City Planning & Urban Development
|2 bisacsh.
|9 2616
|
| 650 |
|
7 |
|a POLITICAL SCIENCE / Government / Local
|2 bisacsh.
|9 2617
|
| 942 |
|
|
|2 ddc
|c BK
|
| 999 |
|
|
|c 13834
|d 13834
|
| 952 |
|
|
|0 0
|1 0
|2 ddc
|4 0
|6 320_850000000000000_PIE
|7 0
|9 23146
|a IGS
|b IGS
|c GEN
|d 2013-08-05
|e Karim International
|g 2820.00
|l 2
|m 4
|o 320.85 PIE
|p 3010027311
|r 2016-12-04
|s 2016-11-07
|t 1
|w 2013-08-05
|y BK
|